000 01589nam a2200241Ia 4500
003 Ost
005 20260507075607.0
008 260507s9999||||xx |||||||||||||| ||und||
040 _cfsecg
041 _aara
082 _a1.6
100 _aالخياط، غادة عبد الوهاب
_eمؤلف
245 0 _aمقدمة في نظم تكنولوجيا المعلومات :
_bأنواع نظم المعلومات في المنظمات - التعلم التنظيمي وإدارة المعرفة - إتخاذ القرارات النظم الأدوات - قواعد البيانات وإستخبارات الأعمال. /
_c غادة عبد الوهاب الخياط
260 _aالإسكندرية:
_bدار التعليم الجامعي,
_c(د.ت)
300 _a319 صفحة؛
_bإيضاحات ؛
_c24 سم
504 _aببليوغرافيا ص.319
520 _aتطرق هذا الكتاب الى موضوع نظم تكنولوجيا المعلومات، حيث تحدث عن أنواع نظم المعلومات في المنظمات وعن التعلم التنظيمي وإدارة المعرفة، بالاضافة الى إتخاذ القرارات و النظم والأدوات ، وأخيرا تم الحديث عن قواعد البيانات وإستخبارات الأعمال.
653 _aتكنولوجيا المعلومات
653 _aنظم المعلومات- المؤسسة الممتدة
700 _aحسين، صفاء أحمد
_eمؤلف ثانوي
700 _aحنفي، ياسر عبد الغفار
_eمؤلف ثانوي
942 _cكتاب
999 _c45050
_d45050